[Event "Open International de Liffre 2017"]
[Site "Liffre"]
[Date "2017.10.21"]
[Round "1.1"]
[White "KRYAKVIN, Dmitry"]
[Black "AUMONT, Alexandre"]
[Result "1-0"]
[BlackElo "2211"]
[WhiteElo "2583"]
[LiveChessVersion "1.4.8"]

1. d4 {[%clk 1:30:48]} f5 {[%clk 1:30:53]} 2. Bg5 {[%clk 1:30:44]} h6
{[%clk 1:31:14]} 3. Bh4 {[%clk 1:31:02]} g5 {[%clk 1:31:35]} 4. e3
{[%clk 1:31:16]} Nf6 {[%clk 1:31:56]} 5. Bg3 {[%clk 1:31:41]} d6 {[%clk 1:29:08]}
6. h4 {[%clk 1:31:52]} Rg8 {[%clk 1:29:33]} 7. hxg5 {[%clk 1:32:14]} hxg5
{[%clk 1:30:01]} 8. Nc3 {[%clk 1:31:41]} e6 {[%clk 1:30:18]} 9. Bc4
{[%clk 1:28:54]} Qe7 {[%clk 1:28:22]} 10. Nge2 {[%clk 1:26:57]} Nc6
{[%clk 1:22:41]} 11. a3 {[%clk 1:14:58]} Bd7 {[%clk 1:22:36]} 12. d5
{[%clk 1:12:31]} exd5 {[%clk 1:17:33]} 13. Nxd5 {[%clk 1:09:31]} Nxd5
{[%clk 1:17:56]} 14. Bxd5 {[%clk 1:08:13]} Rg6 {[%clk 1:15:44]} 15. Qd3
{[%clk 1:05:06]} O-O-O {[%clk 1:09:37]} 16. f4 {[%clk 0:51:37]} gxf4
{[%clk 0:52:20]} 17. Bh4 {[%clk 0:40:35]} Qh7 {[%clk 0:52:34]} 18. Rh3
{[%clk 0:34:35]} Be7 {[%clk 0:44:32]} 19. Bxe7 {[%clk 0:29:10]} Qxe7
{[%clk 0:44:55]} 20. Bxc6 {[%clk 0:29:23]} bxc6 {[%clk 0:41:42]} 21. Nxf4
{[%clk 0:29:12]} Rg4 {[%clk 0:41:02]} 22. O-O-O {[%clk 0:29:25]} Kb8
{[%clk 0:36:51]} 23. Qc3 {[%clk 0:29:41]} Qg7 {[%clk 0:26:52]} 24. Qa5
{[%clk 0:27:38]} Qe5 {[%clk 0:18:54]} 25. Qxe5 {[%clk 0:21:56]} dxe5
{[%clk 0:19:23]} 26. Ne6 {[%clk 0:22:15]} Re8 {[%clk 0:19:49]} 27. Rxd7
{[%clk 0:22:27]} Rxe6 {[%clk 0:20:14]} 28. Rh8+ {[%clk 0:21:15]} Kb7
{[%clk 0:20:43]} 29. Rhh7 {[%clk 0:21:37]} Rxg2 {[%clk 0:19:28]} 30. Rxc7+
{[%clk 0:22:02]} Kb6 {[%clk 0:18:35]} 31. Rxa7 {[%clk 0:21:44]} f4
{[%clk 0:15:00]} 32. b4 {[%clk 0:20:58]} c5 {[%clk 0:09:27]} 33. Rhb7+
{[%clk 0:17:52]} Kc6 {[%clk 0:09:55]} 34. Rc7+ {[%clk 0:15:47]} Kb6
{[%clk 0:08:39]} 35. bxc5+ {[%clk 0:05:09]} Kb5 {[%clk 0:09:29]} 36. Rab7+
{[%clk 0:05:09]} Kc4 37. Rb4+ {[%clk 0:05:35]} Kc3 {[%clk 0:09:39]} 38. Rb3+ Kc4
39. exf4 {[%clk 0:02:41]} exf4 {[%clk 0:10:21]} 40. Kb2 {[%clk 0:32:18]} Re3
{[%clk 0:34:03]} 41. Rb4+ {[%clk 0:30:38]} Kd5 {[%clk 0:34:06]} 42. Rd7+
{[%clk 0:29:39]} Kc6 {[%clk 0:32:45]} 43. Rf7 {[%clk 0:29:19]} f3
{[%clk 0:28:25]} 44. Rb3 {[%clk 0:17:40]} Ree2 {[%clk 0:26:10]} 45. Rc3
{[%clk 0:17:55]} f2 {[%clk 0:26:12]} 46. Rf6+ {[%clk 0:18:14]} Kc7
{[%clk 0:24:04]} 47. c6 {[%clk 0:18:36]} Rg7 {[%clk 0:15:04]} 48. Rb3
{[%clk 0:18:04]} f1=Q {[%clk 0:13:31]} 49. Rxf1 {[%clk 0:18:12]} Kxc6
{[%clk 0:13:53]} 50. Rf6+ {[%clk 0:18:18]} Kc7 {[%clk 0:13:39]} 51. Rf4
{[%clk 0:16:50]} Re6 {[%clk 0:11:42]} 52. a4 {[%clk 0:16:52]} Rg5
{[%clk 0:10:03]} 53. Rf7+ {[%clk 0:17:02]} Kc6 {[%clk 0:10:00]} 54. Rfb7
{[%clk 0:16:02]} Ree5 {[%clk 0:10:18]} 55. R3b6+ {[%clk 0:15:49]} Kc5
{[%clk 0:10:37]} 56. a5 {[%clk 0:15:57]} Rg8 {[%clk 0:10:16]} 57. Rb5+
{[%clk 0:14:56]} Kd4 {[%clk 0:10:39]} 58. Rd7+ {[%clk 0:14:38]} Ke4
{[%clk 0:11:02]} 59. c4 {[%clk 0:14:29]} Ra8 {[%clk 0:00:32]} 60. Rdd5
{[%clk 0:14:46]} Rxd5 {[%clk 0:00:38]} 61. Rxd5 {[%clk 0:15:09]} Rc8
{[%clk 0:00:47]} 62. Kc3 {[%clk 0:15:28]} Ra8 {[%clk 0:01:00]} 63. Kb4
{[%clk 0:15:32]} Rb8+ {[%clk 0:01:17]} 64. Rb5 {[%clk 0:15:22]} Ra8
{[%clk 0:01:31]} 65. Rb6 {[%clk 0:15:42]} Kd4 {[%clk 0:01:32]} 66. a6
{[%clk 0:15:51]} Rc8 {[%clk 0:01:41]} 67. c5 {[%clk 0:16:10]} Kd5
{[%clk 0:01:57]} 68. Rd6+ {[%clk 0:16:27]} Ke5 {[%clk 0:02:22]} 69. a7
{[%clk 0:16:47]} Ra8 {[%clk 0:02:44]} 70. Rd7 {[%clk 0:17:10]} 1-0

[Event "Open International de Liffre 2017"]
[Site "Liffre"]
[Date "2017.10.21"]
[Round "1.2"]
[White "FEDORYSHYN, Ievgenii"]
[Black "KARPATCHEV, Aleksandr"]
[Result "0-1"]
[BlackElo "2506"]
[WhiteElo "2232"]
[LiveChessVersion "1.4.8"]

1. e4 {[%clk 1:30:57]} e5 {[%clk 1:30:52]} 2. Nf3 {[%clk 1:31:22]} Nc6
{[%clk 1:31:14]} 3. Bb5 {[%clk 1:31:40]} g6 {[%clk 1:30:53]} 4. c3
{[%clk 1:27:53]} a6 {[%clk 1:31:16]} 5. Ba4 {[%clk 1:25:25]} Bg7 {[%clk 1:31:31]}
6. d4 {[%clk 1:23:17]} exd4 {[%clk 1:31:56]} 7. cxd4 {[%clk 1:23:41]} b5
{[%clk 1:32:21]} 8. Bb3 {[%clk 1:18:34]} Nge7 {[%clk 1:31:09]} 9. Nc3
{[%clk 1:15:00]} Na5 {[%clk 1:31:22]} 10. Bc2 {[%clk 1:14:52]} d6
{[%clk 1:31:42]} 11. h3 {[%clk 1:06:10]} O-O {[%clk 1:31:58]} 12. O-O
{[%clk 1:06:14]} Bb7 {[%clk 1:31:29]} 13. Bg5 {[%clk 0:52:44]} h6
{[%clk 1:30:50]} 14. Bh4 {[%clk 0:50:06]} Qd7 {[%clk 1:31:13]} 15. Qd3
{[%clk 0:36:40]} Rae8 {[%clk 1:27:25]} 16. b4 {[%clk 0:28:22]} Nac6
{[%clk 1:16:03]} 17. Rab1 {[%clk 0:28:16]} f5 {[%clk 1:16:20]} 18. d5
{[%clk 0:12:32]} Ne5 {[%clk 1:04:40]} 19. Nxe5 {[%clk 0:13:00]} Bxe5
{[%clk 1:03:57]} 20. Bxe7 {[%clk 0:09:26]} Qxe7 {[%clk 0:52:31]} 21. exf5
{[%clk 0:08:23]} gxf5 {[%clk 0:49:37]} 22. Rbd1 {[%clk 0:08:51]} Qg7
{[%clk 0:49:16]} 23. Ne2 {[%clk 0:08:51]} f4 {[%clk 0:48:51]} 24. g4
{[%clk 0:07:43]} h5 {[%clk 0:41:04]} 25. Qg6 {[%clk 0:08:12]} hxg4
{[%clk 0:40:48]} 26. hxg4 {[%clk 0:08:29]} Re7 {[%clk 0:35:28]} 27. f3
{[%clk 0:04:46]} Bb2 {[%clk 0:20:20]} 28. Qxg7+ {[%clk 0:04:01]} Kxg7
{[%clk 0:20:49]} 29. Be4 {[%clk 0:04:30]} Ba3 {[%clk 0:15:03]} 30. Nd4
{[%clk 0:04:03]} Kf6 {[%clk 0:05:32]} 31. Rb1 {[%clk 0:02:57]} a5
{[%clk 0:04:16]} 32. Nxb5 {[%clk 0:01:16]} Bxb4 {[%clk 0:04:38]} 33. Rfd1
{[%clk 0:01:13]} Bc8 {[%clk 0:04:16]} 34. Kf2 {[%clk 0:00:39]} Bc5+
{[%clk 0:04:11]} 35. Ke2 {[%clk 0:00:40]} Bxg4 {[%clk 0:01:50]} 36. Kd3
{[%clk 0:00:46]} Bxf3 {[%clk 0:01:45]} 37. Bxf3 {[%clk 0:00:48]} Re3+
{[%clk 0:02:14]} 38. Kc4 {[%clk 0:00:46]} Rxf3 {[%clk 0:02:43]} 39. Nxc7
{[%clk 0:01:03]} Rc8 {[%clk 0:02:08]} 40. Rb7 {[%clk 0:30:37]} Ke5
{[%clk 0:30:46]} 41. a4 {[%clk 0:14:09]} Re3 {[%clk 0:23:13]} 42. Kb5
{[%clk 0:12:36]} f3 {[%clk 0:23:26]} 43. Kc6 {[%clk 0:12:23]} f2 {[%clk 0:23:37]}
44. Rbb1 {[%clk 0:12:48]} Bb4 {[%clk 0:23:16]} 45. Kd7 {[%clk 0:12:59]} Rxc7+
{[%clk 0:23:02]} 46. Kxc7 {[%clk 0:13:27]} Re1 {[%clk 0:23:23]} 0-1

[Event "Open International de Liffre 2017"]
[Site "Liffre"]
[Date "2017.10.21"]
[Round "1.3"]
[White "NEELOTPAL, Das"]
[Black "KARAGYOZIAN, Edgar"]
[Result "1-0"]
[BlackElo "2225"]
[WhiteElo "2446"]
[LiveChessVersion "1.4.8"]

1. e4 {[%clk 1:30:26]} d5 {[%clk 1:30:29]} 2. exd5 {[%clk 1:30:50]} Nf6
{[%clk 1:30:53]} 3. Bb5+ {[%clk 1:29:29]} Bd7 {[%clk 1:31:08]} 4. Bc4
{[%clk 1:29:37]} Bg4 {[%clk 1:31:21]} 5. f3 {[%clk 1:29:58]} Bc8 {[%clk 1:31:45]}
6. Nc3 {[%clk 1:30:04]} Nbd7 {[%clk 1:31:50]} 7. b3 {[%clk 1:28:20]} Nb6
{[%clk 1:31:39]} 8. Bb2 {[%clk 1:28:38]} Nbxd5 {[%clk 1:31:50]} 9. Qe2
{[%clk 1:28:13]} e6 {[%clk 1:29:29]} 10. Nxd5 {[%clk 1:28:15]} Nxd5
{[%clk 1:29:42]} 11. O-O-O {[%clk 1:28:36]} c6 {[%clk 1:28:42]} 12. Nh3
{[%clk 1:25:46]} Qa5 {[%clk 1:22:18]} 13. Kb1 {[%clk 1:24:19]} Bd7
{[%clk 1:19:49]} 14. Bxd5 {[%clk 1:17:26]} cxd5 {[%clk 1:17:53]} 15. f4
{[%clk 1:17:13]} h6 {[%clk 1:16:36]} 16. Qh5 {[%clk 1:14:42]} g6 {[%clk 1:12:39]}
17. Qe2 {[%clk 0:49:24]} Rg8 {[%clk 1:06:18]} 18. Nf2 {[%clk 0:43:59]} Bb5
{[%clk 0:50:04]} 19. Qe3 {[%clk 0:38:25]} h5 {[%clk 0:43:18]} 20. Nh3
{[%clk 0:32:58]} Qc7 {[%clk 0:40:46]} 21. Ng5 {[%clk 0:27:44]} Bd7
{[%clk 0:27:34]} 22. Rc1 {[%clk 0:24:51]} Bh6 {[%clk 0:16:09]} 23. c4
{[%clk 0:22:30]} Bxg5 {[%clk 0:10:18]} 24. fxg5 {[%clk 0:22:38]} d4
{[%clk 0:06:03]} 25. Bxd4 {[%clk 0:22:31]} Qa5 {[%clk 0:03:30]} 26. Rhf1
{[%clk 0:20:14]} e5 {[%clk 0:02:39]} 27. Bc3 {[%clk 0:20:07]} Qb6
{[%clk 0:02:43]} 28. Qxe5+ {[%clk 0:20:05]} Be6 {[%clk 0:03:05]} 29. d4
{[%clk 0:17:26]} O-O-O {[%clk 0:03:15]} 30. Ba5 {[%clk 0:17:38]} Qc6
{[%clk 0:03:06]} 31. d5 {[%clk 0:15:33]} Qc5 {[%clk 0:03:30]} 32. b4
{[%clk 0:15:34]} Rh8 1-0

[Event "Open International de Liffre 2017"]
[Site "Liffre"]
[Date "2017.10.21"]
[Round "1.4"]
[White "LE MAREC, Simon"]
[Black "LALIC, Bogdan"]
[Result "1/2-1/2"]
[BlackElo "2438"]
[WhiteElo "2234"]
[LiveChessVersion "1.4.8"]

1. d4 {[%clk 1:30:56]} Nf6 {[%clk 1:30:46]} 2. c4 {[%clk 1:31:18]} e6
{[%clk 1:31:07]} 3. g3 {[%clk 1:31:40]} d5 {[%clk 1:31:18]} 4. Bg2
{[%clk 1:32:02]} dxc4 {[%clk 1:31:31]} 5. Nf3 {[%clk 1:31:54]} Bb4+
{[%clk 1:31:48]} 6. Bd2 {[%clk 1:29:48]} c5 {[%clk 1:32:06]} 7. Bxb4
{[%clk 1:20:11]} cxb4 {[%clk 1:32:29]} 8. a3 {[%clk 1:19:23]} O-O
{[%clk 1:28:56]} 9. O-O {[%clk 1:14:21]} Nc6 {[%clk 1:27:38]} 10. axb4
{[%clk 1:13:37]} Nxb4 {[%clk 1:24:31]} 11. Ne5 {[%clk 1:12:27]} a5
{[%clk 1:20:39]} 12. Nxc4 {[%clk 1:08:57]} Ra7 {[%clk 1:18:00]} 13. Nc3
{[%clk 1:04:36]} b6 {[%clk 1:18:22]} 14. Qd2 {[%clk 1:01:03]} Ba6
{[%clk 1:17:22]} 15. Ne5 Rc7 {[%clk 1:14:19]} 16. Rfd1 {[%clk 0:51:45]} Qe7
{[%clk 1:12:23]} 17. Rac1 {[%clk 0:48:25]} Rfc8 {[%clk 1:12:22]} 18. e4
{[%clk 0:38:53]} Ne8 {[%clk 1:11:31]} 19. Bf1 {[%clk 0:36:07]} Bxf1
{[%clk 1:08:53]} 20. Kxf1 {[%clk 0:36:33]} Nd6 {[%clk 1:08:34]} 1/2-1/2

[Event "Open International de Liffre 2017"]
[Site "Liffre"]
[Date "2017.10.22"]
[Round "2.1"]
[White "GAHAN, M.G."]
[Black "KRYAKVIN, Dmitry"]
[Result "0-1"]
[BlackElo "2583"]
[WhiteElo "2281"]
[LiveChessVersion "1.4.8"]

1. e4 {[%clk 1:30:29]} c6 {[%clk 1:30:55]} 2. d4 {[%clk 1:30:52]} d5
{[%clk 1:31:19]} 3. exd5 {[%clk 1:31:09]} cxd5 {[%clk 1:31:44]} 4. c4
{[%clk 1:31:33]} Nf6 {[%clk 1:32:10]} 5. Nc3 {[%clk 1:31:56]} Nc6
{[%clk 1:32:32]} 6. Nf3 {[%clk 1:32:11]} Be6 {[%clk 1:32:56]} 7. Bg5
{[%clk 1:30:46]} Ne4 {[%clk 1:33:15]} 8. c5 {[%clk 1:26:18]} Bg4 {[%clk 1:29:57]}
9. Be3 {[%clk 1:25:21]} Bxf3 {[%clk 1:18:02]} 10. gxf3 {[%clk 1:22:23]} Nxc5
{[%clk 1:15:27]} 11. dxc5 {[%clk 1:21:32]} d4 {[%clk 1:15:54]} 12. Qb3
{[%clk 1:18:43]} dxe3 {[%clk 1:14:56]} 13. fxe3 {[%clk 1:17:41]} Qc8
{[%clk 1:09:52]} 14. Rd1 {[%clk 1:13:45]} e6 {[%clk 1:06:57]} 15. Rg1
{[%clk 1:04:46]} Bxc5 {[%clk 1:01:49]} 16. Rxg7 {[%clk 1:02:03]} Kf8
{[%clk 1:01:46]} 17. Rg5 {[%clk 0:58:14]} Bxe3 {[%clk 1:00:29]} 18. Qa3+
{[%clk 0:58:06]} Ne7 {[%clk 0:59:03]} 19. Re5 {[%clk 0:57:45]} Bb6
{[%clk 0:58:15]} 20. Bb5 {[%clk 0:51:50]} Qc7 {[%clk 0:51:07]} 21. Re2
{[%clk 0:50:35]} Bc5 {[%clk 0:42:54]} 22. Qa4 {[%clk 0:49:18]} Rg8
{[%clk 0:42:25]} 23. Rd7 {[%clk 0:48:35]} Rd8 {[%clk 0:41:26]} 24. Kd1
{[%clk 0:43:33]} Rxd7+ {[%clk 0:39:47]} 25. Bxd7 {[%clk 0:43:57]} Nf5
{[%clk 0:39:35]} 26. Ne4 {[%clk 0:42:05]} Rg1+ {[%clk 0:38:43]} 27. Kd2
{[%clk 0:41:44]} Qf4+ {[%clk 0:38:00]} 0-1

[Event "Open International de Liffre 2017"]
[Site "Liffre"]
[Date "2017.10.22"]
[Round "2.2"]
[White "KARPATCHEV, Aleksandr"]
[Black "VENKATESH, M.R."]
[Result "0-1"]
[BlackElo "2418"]
[WhiteElo "2506"]
[LiveChessVersion "1.4.8"]

1. e4 {[%clk 1:30:55]} g6 {[%clk 1:30:37]} 2. d4 {[%clk 1:31:18]} Bg7
{[%clk 1:31:01]} 3. Nc3 {[%clk 1:31:42]} d6 {[%clk 1:31:23]} 4. Be3
{[%clk 1:29:25]} a6 {[%clk 1:31:43]} 5. Bd3 {[%clk 1:27:29]} b5 {[%clk 1:29:27]}
6. a4 {[%clk 1:27:37]} b4 {[%clk 1:19:00]} 7. Nce2 {[%clk 1:27:38]} Nd7
{[%clk 1:18:27]} 8. Nc3 {[%clk 1:27:37]} Nb8 {[%clk 1:19:00]} 9. Nce2
{[%clk 1:27:38]} Nd7 {[%clk 1:18:27]} 10. a5 {[%clk 1:14:55]} c5 {[%clk 1:13:29]}
11. c3 {[%clk 1:15:18]} bxc3 {[%clk 1:13:26]} 12. bxc3 {[%clk 1:15:45]} Ngf6
{[%clk 1:10:08]} 13. f3 {[%clk 1:15:49]} O-O {[%clk 1:05:53]} 14. Nh3
{[%clk 1:15:39]} Qc7 {[%clk 1:02:35]} 15. O-O {[%clk 1:14:37]} e5
{[%clk 0:40:35]} 16. Nf2 {[%clk 1:05:02]} Bb7 {[%clk 0:26:31]} 17. Qd2
{[%clk 0:57:18]} d5 {[%clk 0:25:46]} 18. Bh6 {[%clk 0:55:51]} Rad8
{[%clk 0:19:52]} 19. Ng3 {[%clk 0:47:08]} exd4 {[%clk 0:16:27]} 20. cxd4
{[%clk 0:47:26]} cxd4 {[%clk 0:16:50]} 21. Rab1 {[%clk 0:34:40]} dxe4
{[%clk 0:14:33]} 22. fxe4 {[%clk 0:34:51]} Bxh6 {[%clk 0:11:36]} 23. Qxh6
{[%clk 0:35:16]} Rb8 {[%clk 0:11:47]} 24. Nh3 {[%clk 0:27:36]} Ng4
{[%clk 0:10:00]} 25. Qh4 {[%clk 0:26:37]} Nde5 {[%clk 0:10:24]} 26. Nf4
{[%clk 0:04:52]} Qd8 {[%clk 0:08:39]} 27. Qxd8 {[%clk 0:04:43]} Rfxd8
{[%clk 0:09:07]} 28. Rb6 {[%clk 0:04:58]} g5 {[%clk 0:09:05]} 29. Nfh5
{[%clk 0:00:40]} Nxd3 {[%clk 0:09:20]} 30. Rf5 {[%clk 0:00:53]} h6
{[%clk 0:05:11]} 31. h3 {[%clk 0:01:22]} Nde5 {[%clk 0:04:59]} 32. hxg4
{[%clk 0:01:24]} Nxg4 {[%clk 0:05:27]} 33. Nf6+ {[%clk 0:00:47]} Nxf6
{[%clk 0:05:51]} 34. Rbxf6 {[%clk 0:00:34]} d3 {[%clk 0:03:48]} 35. Rf1
{[%clk 0:01:03]} Bc8 {[%clk 0:01:53]} 36. Nf5 {[%clk 0:01:11]} Bxf5
{[%clk 0:01:32]} 37. exf5 {[%clk 0:01:26]} d2 38. Rd1 Rbc8 {[%clk 0:00:39]} 39.
Kf2 {[%clk 0:02:25]} Rc5 {[%clk 0:01:03]} 40. g4 {[%clk 0:01:58]} Kg7
{[%clk 0:00:37]} 41. Rxa6 {[%clk 0:02:20]} Rd4 {[%clk 0:01:00]} 42. Ke3
{[%clk 0:31:42]} Rxg4 {[%clk 0:30:52]} 43. f6+ {[%clk 0:32:00]} Kg6
{[%clk 0:31:13]} 44. Rxd2 {[%clk 0:32:20]} Re5+ {[%clk 0:30:21]} 45. Kf3
{[%clk 0:30:54]} Ra4 {[%clk 0:30:34]} 0-1

[Event "Open International de Liffre 2017"]
[Site "Liffre"]
[Date "2017.10.22"]
[Round "2.3"]
[White "DENIS, Laurent"]
[Black "NEELOTPAL, Das"]
[Result "0-1"]
[BlackElo "2446"]
[WhiteElo "2235"]
[LiveChessVersion "1.4.8"]

1. d4 {[%clk 1:30:57]} Nf6 {[%clk 1:30:52]} 2. Nf3 {[%clk 1:31:10]} g6
{[%clk 1:30:10]} 3. c4 {[%clk 1:31:22]} Bg7 {[%clk 1:30:11]} 4. Nc3
{[%clk 1:31:39]} d5 {[%clk 1:30:38]} 5. Bg5 {[%clk 1:31:46]} Ne4 {[%clk 1:30:30]}
6. cxd5 {[%clk 1:32:06]} Nxg5 {[%clk 1:30:55]} 7. Nxg5 {[%clk 1:32:25]} e6
{[%clk 1:31:22]} 8. Qd2 {[%clk 1:32:40]} exd5 {[%clk 1:31:48]} 9. Qe3+
{[%clk 1:32:47]} Kf8 {[%clk 1:32:15]} 10. h4 {[%clk 1:31:35]} h6 {[%clk 1:21:37]}
11. Nf3 {[%clk 1:31:43]} c6 {[%clk 1:17:28]} 12. Qf4 {[%clk 1:30:39]} Qf6
{[%clk 1:15:23]} 13. Qh2 {[%clk 1:26:46]} Nd7 {[%clk 1:07:28]} 14. g4
{[%clk 1:17:32]} Qe7 {[%clk 1:03:47]} 15. Qf4 {[%clk 1:07:37]} Nf6
{[%clk 0:48:05]} 16. Rg1 {[%clk 0:59:34]} h5 {[%clk 0:40:21]} 17. gxh5
{[%clk 0:57:30]} Rxh5 {[%clk 0:39:22]} 18. Ng5 {[%clk 0:20:38]} Ne8
{[%clk 0:29:56]} 19. e3 {[%clk 0:15:30]} Qc7 {[%clk 0:25:12]} 20. Qf3
{[%clk 0:11:17]} Rxh4 {[%clk 0:22:51]} 21. Bd3 {[%clk 0:11:20]} Nf6
{[%clk 0:22:30]} 22. Rh1 {[%clk 0:10:20]} Bg4 {[%clk 0:16:46]} 23. Qg2
{[%clk 0:10:41]} Rxh1+ {[%clk 0:17:07]} 24. Qxh1 {[%clk 0:11:09]} Re8
{[%clk 0:14:39]} 25. Kd2 {[%clk 0:10:17]} Ke7 {[%clk 0:11:58]} 26. f3
{[%clk 0:09:28]} Rh8 {[%clk 0:10:56]} 27. Qf1 {[%clk 0:09:56]} Rh2+
{[%clk 0:10:12]} 28. Ne2 {[%clk 0:08:27]} Bh6 29. fxg4 {[%clk 0:06:11]} Bxg5
{[%clk 0:08:01]} 30. Qf3 {[%clk 0:06:29]} Qd7 {[%clk 0:05:23]} 31. Rg1
{[%clk 0:06:36]} Rh4 {[%clk 0:04:18]} 32. Nc3 {[%clk 0:05:37]} Nxg4
{[%clk 0:03:57]} 33. Re1 {[%clk 0:05:46]} Qe6 {[%clk 0:02:44]} 34. Na4
{[%clk 0:05:39]} Qf6 {[%clk 0:02:28]} 35. Qd1 {[%clk 0:05:01]} Qxd4
{[%clk 0:02:38]} 36. Kc1 {[%clk 0:05:08]} Nf2 {[%clk 0:02:17]} 0-1

[Event "Open International de Liffre 2017"]
[Site "Liffre"]
[Date "2017.10.22"]
[Round "2.4"]
[White "LALIC, Bogdan"]
[Black "CHETVERIK, Maxim"]
[Result "1/2-1/2"]
[BlackElo "2256"]
[WhiteElo "2438"]
[LiveChessVersion "1.4.8"]

1. d4 {[%clk 1:30:57]} f5 {[%clk 1:30:56]} 2. g3 {[%clk 1:31:19]} Nf6
{[%clk 1:31:22]} 3. Bg2 {[%clk 1:31:40]} e6 {[%clk 1:31:49]} 4. c4
{[%clk 1:32:00]} Be7 {[%clk 1:32:15]} 5. Nf3 {[%clk 1:32:19]} Ne4
{[%clk 1:32:36]} 6. O-O {[%clk 1:32:36]} O-O {[%clk 1:33:04]} 7. d5
{[%clk 1:32:47]} Bf6 {[%clk 1:24:26]} 8. Nfd2 {[%clk 1:32:49]} Nxd2
{[%clk 1:24:14]} 9. Qxd2 {[%clk 1:32:58]} d6 {[%clk 1:19:25]} 10. dxe6
{[%clk 1:32:46]} Nc6 {[%clk 1:18:58]} 11. Nc3 {[%clk 1:32:41]} Bxe6
{[%clk 1:17:25]} 12. b3 {[%clk 1:32:03]} Kh8 {[%clk 1:07:52]} 13. Bb2
{[%clk 1:31:03]} Rb8 {[%clk 1:03:53]} 14. Rad1 {[%clk 1:30:36]} Qe8
{[%clk 0:55:25]} 15. Nd5 {[%clk 1:23:46]} Bxd5 {[%clk 0:55:39]} 16. cxd5
{[%clk 1:24:08]} Ne5 {[%clk 0:52:36]} 17. Rc1 {[%clk 1:22:35]} Rf7
{[%clk 0:45:30]} 18. Rc2 {[%clk 1:18:39]} Ng4 {[%clk 0:38:32]} 19. Bxf6
{[%clk 1:18:40]} Nxf6 {[%clk 0:38:59]} 20. Rfc1 {[%clk 1:17:27]} Rc8
{[%clk 0:32:35]} 21. Qb4 {[%clk 1:14:25]} b6 {[%clk 0:21:54]} 22. Qxd6
{[%clk 1:13:51]} cxd6 {[%clk 0:19:49]} 23. Rxc8 {[%clk 1:14:15]} Re7
{[%clk 0:19:37]} 24. Rxe8+ {[%clk 1:14:06]} Nxe8 {[%clk 0:20:04]} 25. e3
{[%clk 1:06:55]} Kg8 {[%clk 0:18:17]} 26. Kf1 {[%clk 1:06:21]} Kf7
{[%clk 0:18:12]} 27. Ke2 {[%clk 1:06:33]} Rc7 {[%clk 0:18:22]} 28. Rxc7+
{[%clk 1:04:58]} Nxc7 {[%clk 0:18:50]} 29. Kd3 {[%clk 1:04:44]} Kf6
{[%clk 0:19:02]} 30. f4 {[%clk 1:04:55]} h6 {[%clk 0:14:32]} 31. h4
{[%clk 1:00:56]} h5 {[%clk 0:08:16]} 32. e4 {[%clk 0:59:50]} g6 {[%clk 0:06:34]}
33. b4 {[%clk 0:55:36]} Nb5 {[%clk 0:06:03]} 34. Bf3 {[%clk 0:47:09]} Nc7
{[%clk 0:05:26]} 35. Kc4 {[%clk 0:43:01]} a6 {[%clk 0:03:16]} 36. Kd3
{[%clk 0:41:15]} Ne8 {[%clk 0:02:11]} 37. Be2 {[%clk 0:36:44]} Ng7
{[%clk 0:01:00]} 38. Kd4 {[%clk 0:24:14]} fxe4 {[%clk 0:01:24]} 39. Bxa6
{[%clk 0:54:40]} Nf5+ {[%clk 0:31:46]} 40. Kxe4 {[%clk 0:55:04]} Nxg3+
{[%clk 0:32:11]} 41. Kd3 {[%clk 0:54:48]} Nf5 {[%clk 0:26:51]} 42. a4
{[%clk 0:52:23]} Ke7 {[%clk 0:22:35]} 43. Bc8 {[%clk 0:44:47]} Nxh4
{[%clk 0:22:36]} 44. Ke4 {[%clk 0:40:43]} Ng2 {[%clk 0:19:18]} 45. a5
{[%clk 0:34:54]} bxa5 {[%clk 0:18:46]} 46. bxa5 {[%clk 0:35:19]} Kd8
{[%clk 0:19:11]} 47. Be6 {[%clk 0:31:08]} h4 {[%clk 0:10:35]} 48. Kf3
{[%clk 0:27:40]} Ne1+ {[%clk 0:10:57]} 49. Kg4 {[%clk 0:27:40]} Nd3
{[%clk 0:08:35]} 50. Kg5 {[%clk 0:24:43]} Kc7 {[%clk 0:08:01]} 51. Bg4
{[%clk 0:24:13]} Kb8 {[%clk 0:06:58]} 52. Be2 {[%clk 0:23:13]} Nb4
{[%clk 0:07:07]} 53. Kxh4 {[%clk 0:20:18]} Nxd5 {[%clk 0:07:22]} 54. Kg5
{[%clk 0:20:36]} Ka7 {[%clk 0:06:37]} 55. Bd3 {[%clk 0:20:34]} Ne7
{[%clk 0:05:02]} 56. Bxg6 {[%clk 0:19:31]} Ka6 {[%clk 0:05:03]} 57. Bf7
{[%clk 0:18:11]} Kxa5 {[%clk 0:04:48]} 58. Kf6 {[%clk 0:18:34]} Nc6
{[%clk 0:04:20]} 59. Bd5 {[%clk 0:18:33]} Nd4 {[%clk 0:03:54]} 60. Ke7
{[%clk 0:18:53]} Nf5+ {[%clk 0:02:48]} 61. Ke6 {[%clk 0:18:21]} Ng3
{[%clk 0:02:59]} 62. Bf3 {[%clk 0:17:53]} Kb6 {[%clk 0:02:06]} 63. Kxd6
{[%clk 0:18:17]} Kb5 {[%clk 0:02:24]} 64. Bd5 {[%clk 0:16:23]} Kb6
{[%clk 0:02:33]} 65. Bc6 {[%clk 0:16:19]} Nf5+ {[%clk 0:02:06]} 66. Ke5
{[%clk 0:16:43]} Ng3 {[%clk 0:02:28]} 67. Bf3 {[%clk 0:15:46]} Kc7
{[%clk 0:02:45]} 68. Kf6 {[%clk 0:15:59]} Kd8 {[%clk 0:02:56]} 69. Kg5
{[%clk 0:16:15]} Ke7 {[%clk 0:03:16]} 70. Kg4 {[%clk 0:16:38]} Nf1
{[%clk 0:03:41]} 71. Be2 {[%clk 0:16:57]} Ne3+ {[%clk 0:03:49]} 72. Kg5
{[%clk 0:17:21]} 1/2-1/2